000 003520000a22001570004500
005 20120302062449.0
942 _cBOOK
100 _a Dhere,Ramchandra Chintaman
245 _a Kalpavel
260 _aPune:Indraayanee Saahitya,1976.
300 _a144p.
040 _aMAR
650 _aCharitra
650 _aKrushnadayaarnav
650 _aHarivardaa
999 _c356783
_d356780